Spoločenská zodpovednosť a udržateľný rozvoj podniku monografia

Gespeichert in:
Bibliographische Detailangaben
1. Verfasser: Malindžáková, Marcela
Körperschaft: Vysoká škola báňská - Technická univerzita Ostrava
Weitere Verfasser: Majerník, Milan, 1952-, Daneshjo, Naqibullah, 1964-, Dirner, Vojtech, Repková Štofková, Katarína, Mihok, Jozef
Format: Buch
Sprache:Slowakisch
Veröffentlicht: Ostrava Vysoká škola báňská - Technická univerzita Ostrava 2020
Ausgabe:1. vydanie
Schlagworte:
Tags: Tag hinzufügen
Keine Tags, Fügen Sie das erste Tag hinzu!

MARC

LEADER 00000nam a2200000 4500
001 0271023
005 20240502083818.8
020 |a 978-80-248-4466-4 
041 0 |a slo 
044 |a CZ 
245 1 0 |a Spoločenská zodpovednosť a udržateľný rozvoj podniku  |b monografia  |c Marcela Malindžáková, Milan Majerník, Naqibullah Daneshjo ; recenzenti: Vojtech Dirner, Katarína Repková Štofková, Jozef Mihok 
250 |a 1. vydanie 
264 1 |a Ostrava  |b Vysoká škola báňská - Technická univerzita Ostrava  |c 2020 
300 |a 117 s. [6 AH] 
610 2 0 |a zodpovednosť podniku spoločenská 
610 2 0 |a rozvoj trvalo udržateľný 
610 2 0 |a štandardy medzinárodné 
610 2 0 |a implementácia 
610 2 0 |a normy 
610 2 0 |a audit 
610 2 0 |a ochrana prostredia životného 
610 2 0 |a hospodárstvo odpadové 
100 1 |a Malindžáková, Marcela 
700 1 |a Majerník, Milan, 1952- 
700 1 |a Daneshjo, Naqibullah, 1964- 
700 1 |a Dirner, Vojtech 
700 1 |a Repková Štofková, Katarína 
700 1 |a Mihok, Jozef 
710 2 |a Vysoká škola báňská - Technická univerzita Ostrava